Największe miasta w województwie zachodniopomorskim - Statystyki

Ogólne statystyki
  • Ten quiz został rozwiązany 735 razy
  • Średni wynik to 11 z 20
Statystyki odpowiedzi
Lp Populacja Miasto % Poprawnych
1 402.067 Szczecin
99%
2 107.225 Koszalin
93%
4 46.309 Kołobrzeg
90%
5 40.883 Świnoujście
88%
3 67.795 Stargard
83%
7 32.575 Police
70%
6 40.016 Szczecinek
67%
13 16.524 Gryfice
60%
11 21.221 Gryfino
59%
8 25.312 Wałcz
58%
10 22.284 Goleniów
57%
9 24.250 Białogard
55%
15 15.213 Choszczno
40%
18 13.710 Darłowo
40%
12 16.603 Nowogard
38%
20 12.581 Pyrzyce
37%
14 15.533 Świdwin
36%
17 13.752 Barlinek
26%
19 12.901 Złocieniec
23%
16 13.775 Dębno
17%
Nie znaleziono quizów pasujących do podanych kryteriów
Rozkład punktacji
Procent ludzi z każdym wynikiem
Percentyl według liczby udzielonych odpowiedzi
Twoja historia wyników
Nie rozwiązałeś tego quizu